[Event "Madrid San Viator op-B 31st"]
[Site "Madrid"]
[Date "2019.11.17"]
[Round "9"]
[White "Martinez Martinez, Javier II"]
[Black "Lopez Ochoa, Arsenio"]
[Result "1/2-1/2"]
[WhiteElo "1558"]
[BlackElo "1194"]
[PlyCount "137"]
[EventDate "2019.09.08"]
[EventType "swiss"]
[EventRounds "9"]
[EventCountry "ESP"]
[SourceTitle "EXT 2022"]
[Source "ChessBase"]
[SourceDate "2021.10.06"]
[SourceVersion "1"]
[SourceVersionDate "2021.10.06"]
[SourceQuality "1"]

1. d4 d5 2. Nf3 Nf6 3. e3 e6 4. Bd3 c5 5. b3 Nc6 6. 0-0 Qb6 7. Bb2 Nb4 8. Be2 Bd7 9. a3 Nc6 10. Nbd2 c4 11. Rb1 c3 12. Bxc3 Bxa3 13. b4 a5 14. bxa5 Qc7 15. Rb3 Bd6 16. Qb1 Ra7 17. Qb2 0-0 18. Bd3 Rb8 19. e4 Nxa5 20. Bxa5 Qxa5 21. e5 Ba3 22. Rxa3 Qxa3 23. Qxa3 Rxa3 24. exf6 gxf6 25. Nb3 b6 26. h3 Rc8 27. g4 Ba4 28. Ra1 Rxa1+ 29. Nxa1 Rc3 30. Nd2 e5 31. Nb1 Rc7 32. dxe5 fxe5 33. f3 Rc6 34. Kf2 Rf6 35. Kg3 Bc6 36. Nd2 Rf4 37. Nab3 Ba4 38. c3 Bxb3 39. Nxb3 Ra4 40. Kf2 Ra3 41. Nd2 Rxc3 42. Ke2 Rc6 43. h4 Rc8 44. Nf1 Rb8 45. Ne3 d4 46. Nf5 b5 47. Ne7+ Kf8 48. Nc6 Rb6 49. Nb4 h6 50. g5 hxg5 51. hxg5 Kg7 52. Nd5 Rd6 53. Be4 Rxd5 54. Bxd5 Kg6 55. Kd3 Kxg5 56. Bxf7 Kf4 57. Bd5 b4 58. Be4 b3 59. Bd5 b2 60. Kc2 Ke3 61. Kxb2 Kd2 62. Be4 d3 63. Bd5 Ke1 64. Kc3 d2 65. Bb3 d1Q 66. Bxd1 Kxd1 67. Kd3 Ke1 68. Ke3 Kf1 69. Ke4 1/2-1/2

[Event "Madrid San Viator op-B 31st"]
[Site "Madrid"]
[Date "2019.10.06"]
[Round "4"]
[White "Lopez Ochoa, Arsenio"]
[Black "Benitez Cadenas, Luis Miguel"]
[Result "1/2-1/2"]
[WhiteElo "1194"]
[BlackElo "1535"]
[PlyCount "75"]
[EventDate "2019.09.08"]
[EventType "swiss"]
[EventRounds "9"]
[EventCountry "ESP"]
[SourceTitle "EXT 2022"]
[Source "ChessBase"]
[SourceDate "2021.10.06"]
[SourceVersion "1"]
[SourceVersionDate "2021.10.06"]
[SourceQuality "1"]

1. e4 e6 2. d4 d5 3. e5 c5 4. c3 Nc6 5. Be3 Qb6 6. b3 cxd4 7. cxd4 Bb4+ 8. Nd2 Bc3 9. Rc1 Bxd4 10. Bxd4 Qxd4 11. Ngf3 Qf4 12. g3 Qf5 13. Bb5 Bd7 14. Qe2 f6 15. Bxc6 bxc6 16. 0-0 Ne7 17. exf6 Qxf6 18. Ne5 Rd8 19. f4 0-0 20. Qa6 Be8 21. Qxa7 g5 22. Rce1 Qg7 23. Qd4 Nf5 24. Qc5 Nxg3 25. hxg3 gxf4 26. g4 h5 27. Rf2 Rf5 28. Ndf3 hxg4 29. Nxg4 Bh5 30. Nfh2 Rdf8 31. Rg2 Rg5 32. Qxc6 Bxg4 33. Nxg4 f3 34. Qxe6+ Rf7 35. Qe8+ Rf8 36. Qe6+ Rf7 37. Qe8+ Rf8 38. Qe6+ 1/2-1/2

[Event "Madrid San Viator op-B 31st"]
[Site "Madrid"]
[Date "2019.09.29"]
[Round "3"]
[White "Alcojor Patilla, Antonio"]
[Black "Lopez Ochoa, Arsenio"]
[Result "1/2-1/2"]
[WhiteElo "1602"]
[BlackElo "1194"]
[PlyCount "84"]
[EventDate "2019.09.08"]
[EventType "swiss"]
[EventRounds "9"]
[EventCountry "ESP"]
[SourceTitle "EXT 2022"]
[Source "ChessBase"]
[SourceDate "2021.10.06"]
[SourceVersion "1"]
[SourceVersionDate "2021.10.06"]
[SourceQuality "1"]

1. e4 e5 2. Nf3 Nc6 3. Bc4 Bc5 4. c3 Nf6 5. d3 d6 6. a4 a6 7. Nbd2 Be6 8. Bxe6 fxe6 9. Qb3 d5 10. 0-0 0-0 11. Qc2 Qe7 12. b4 Ba7 13. b5 axb5 14. axb5 Bxf2+ 15. Rxf2 Rxa1 16. bxc6 bxc6 17. Nb3 Ra6 18. Nxe5 Qd6 19. Bf4 Qe7 20. h3 Nh5 21. Be3 Rxf2 22. Qxf2 Qf6 23. Qxf6 gxf6 24. Nd7 Ng3 25. Kf2 Nh5 26. Kf3 Ng7 27. Bc1 Ra8 28. Nd4 Ra1 29. Bd2 dxe4+ 30. Kxe4 Ra5 31. Nb3 Ra8 32. d4 Kf7 33. Bf4 Ne8 34. Ndc5 h5 35. Nb7 Ke7 36. N3a5 Ra6 37. c4 Nd6+ 38. Nxd6 Rxa5 39. Nb7 f5+ 40. Kf3 Ra3+ 41. Kf2 Ra2+ 42. Kg3 Ra4 1/2-1/2

[Event "Madrid San Viator op-B 29th"]
[Site "Madrid"]
[Date "2017.09.17"]
[Round "1"]
[White "Lopez Ochoa, Arsenio"]
[Black "Periotto Miori, Fabrizio Lautaro"]
[Result "0-1"]
[WhiteElo "1035"]
[BlackElo "1492"]
[PlyCount "38"]
[EventDate "2017.09.17"]
[EventType "swiss"]
[EventRounds "9"]
[EventCountry "ESP"]
[SourceTitle "EXT 2019"]
[Source "ChessBase"]
[SourceDate "2018.10.10"]
[SourceVersion "1"]
[SourceVersionDate "2018.10.10"]
[SourceQuality "1"]

1. e4 c5 2. Nf3 d6 3. Bb5+ Bd7 4. Bc4 a6 5. Nc3 e6 6. d4 b5 7. Bf1 cxd4 8. Nxd4 Nf6 9. Bg5 Be7 10. Nf3 b4 11. Bxf6 Bxf6 12. Ne2 Bc6 13. e5 dxe5 14. Qxd8+ Kxd8 15. 0-0-0+ Ke7 16. Nd2 Bg5 17. c3 Rc8 18. Kc2 Bxd2 19. Rxd2 Be4+ 0-1